University Home | Library Home | Institutional Repository

From bipolarity to polypolarity: The strategic interplay of research and information in Europe in transition. (Record no. 28464)

MARC details
000 -LEADER
fixed length control field 00727cam5a220018100 4500
001 - CONTROL NUMBER
control field zam00009854
008 - FIXED-LENGTH DATA ELEMENTS--GENERAL INFORMATION
fixed length control field 970717n xx eng u
035 ## - SYSTEM CONTROL NUMBER
System control number (Sirsi) r139854
040 ## - CATALOGING SOURCE
Modifying agency UPRA
100 ## - MAIN ENTRY--PERSONAL NAME
Personal name Marks, Arnaud F.
Linkage A105044.1
245 10 - TITLE STATEMENT
Title From bipolarity to polypolarity: The strategic interplay of research and information in Europe in transition.
260 ## - PUBLICATION, DISTRIBUTION, ETC.
Place of publication, distribution, etc. Amsterdam :
Name of publisher, distributor, etc. SWINDOC,
Date of publication, distribution, etc. [1995]
520 ## - SUMMARY, ETC.
Summary, etc. Examines the role of the social sciences, documentation and information provision in the promotion of cultural unity and cultural diversity.
650 #4 - SUBJECT ADDED ENTRY--TOPICAL TERM
Topical term or geographic name entry element Cultural Relations.
Linkage S28073.2
650 #4 - SUBJECT ADDED ENTRY--TOPICAL TERM
Topical term or geographic name entry element Europe -- Culture.
General subdivision Europe -- Culture.
Linkage S76108.1
949 10 - LOCAL PROCESSING INFORMATION (OCLC)
m INESOR
t BOOK
l ON-SHELF

No items available.

© 2026 - The University of Zambia Library - Koha v25.11